Biggest Cities Starting with N by Country - Statistics

General Stats
  • This quiz has been taken 178 times
    149 since last reset
  • The average score is 22 of 168
Answers on the Map
Answers color-coded by a green-red scale on the quiz's map according to % correct below.
 
Answer Stats
Country City Population % Correct
United States New York City 8,336,817
94%
Italy Naples 948,850
90%
Kenya Nairobi 4,397,073
86%
Australia Newcastle 491,174
86%
South Africa Newcastle 291,484
86%
United Kingdom Newcastle 287,535
86%
France Nice 341,032
85%
Germany Nuremberg 518,370
82%
Japan Nagoya 2,320,361
78%
Bahamas Nassau 246,329
75%
Mauritania Nouakchott 958,399
73%
China Nanjing 6,500,000
72%
Niger Niamey 978,029
69%
Russia Novosibirsk 1,625,631
68%
Chad N'Djamena 951,418
63%
Cyprus Nicosia 116,392
63%
Botswana Nata 6,714
60%
Brazil Natal 890,480
57%
Serbia Novi Sad 231,798
56%
India Nagpur 2,497,870
51%
Kazakhstan Nur-Sultan 1,136,008
50%
Myanmar Naypyidaw 333,506
41%
Tonga Nuku'alofa 23,221
31%
Netherlands Nijmegen 161,000
30%
Marshall Islands Namu 780
29%
Belgium Namur 111,432
28%
Philippines Naga 274,991
25%
Sweden Norrköping 97,979
24%
Canada Nanaimo 92,004
22%
Mozambique Nampula 663,212
20%
Iraq Najaf 747,261
18%
Estonia Narva 54,409
18%
Switzerland Neuchâtel 33,493
17%
Montenegro Nikšić 56,970
16%
Uzbekistan Namangan 626,120
15%
New Zealand Napier 66,300
15%
Zambia Ndola 574,400
15%
Sudan Nyala 492,984
15%
Fiji Nadi 71,048
14%
Argentina Neuquén 395,600
14%
Slovakia Nitra 76,533
14%
Mexico Nezahualcóyotl 1,072,676
13%
Norway Narvik 18,512
12%
Hungary Nyíregyháza 116,799
12%
Portugal Nazaré 15,158
11%
Vietnam Nha Trang 285,788
10%
North Korea Nampo 310,531
9%
Guinea Nzérékoré 195,027
9%
Morocco Nador 161,726
8%
Israel Netanya 221,353
8%
Ireland Navan 28,399
7%
Colombia Neiva 340,500
7%
Uganda Nansana 532,800
6%
Peru Nazca 48,900
6%
Sri Lanka Negombo 142,449
6%
Ukraine Nikopol 109,122
6%
Thailand Nonthaburi 254,375
6%
Azerbaijan Nakhchivan 77,400
5%
Denmark Næstved 43,803
4%
Saudi Arabia Najran 298,288
4%
South Korea Namyangju 709,307
4%
Nepal Nepalgunj 73,779
4%
Turkey Niğde 148,270
4%
Slovenia Novo Mesto 24,183
4%
Poland Nowy Sącz 83,794
4%
Greece Náousa 18,882
3%
Cameroon Ngaoundéré 152,698
3%
Central African Republic Nola 29,181
3%
Lebanon Nabatieh 25,000
2%
Tunisia Nabeul 70,437
2%
Indonesia Nabire 74,197
2%
Dominican Republic Nagua 38,540
2%
Eritrea Nakfa 4,312
2%
Bangladesh Narayanganj 709,381
2%
Kyrgyzstan Naryn 40,676
2%
Belarus Navapolatsk 98,800
2%
Romania Năvodari 32,981
2%
Syria Nawa 47,066
2%
Ethiopia Nazret 324,000
2%
Angola N'dalatando 161,584
2%
Guatemala Nebaj 31,935
2%
North Macedonia Negotino 13,310
2%
Jamaica Negril 7,832
2%
Sao Tome and Principe Neves 8,391
2%
Guyana New Amsterdam 15,373
2%
Benin Nikki 66,109
2%
Afghanistan Nili 17,946
2%
South Sudan Nimule 45,000
2%
Iran Nishapur 264,375
2%
Moldova Nisporeni 10,063
2%
Oman Nizwa 64,599
2%
Tanzania Njombe 64,122
2%
Malawi Nkhotakota 28,350
2%
Namibia Noordoewer 2,026
2%
Solomon Islands Noro 4,700
2%
Kiribati North Tarawa 6,629
2%
Zimbabwe Norton 67,591
2%
Madagascar Nosy Varika 34,000
2%
Bulgaria Nova Zagora 20,239
2%
Bosnia and Herzegovina Novi Grad 9,415
2%
Cuba Nueva Gerona 45,577
2%
Ecuador Nueva Loja 48,562
2%
Tuvalu Nui 610
2%
Rwanda Nyanza 25,417
2%
D. R. Congo Nyunzu 36,138
2%
Honduras Nacaome 19,990
1%
Chile Nacimiento 23,031
1%
Laos Nam Bak 27,814
1%
Taiwan Nantou 99,081
1%
Costa Rica Naranjo de Alajuela 19,900
1%
Spain Narón 37,712
1%
Pakistan Nawabshah 279,688
1%
Gambia Nema Kunku 28,651
1%
Paraguay Ñemby 144,100
1%
F. S. Micronesia Nett 6,639
1%
Austria Neunkirchen 12,721
1%
Bhutan Nganglam 5,418
1%
Eswatini Nhlangano 6,540
1%
Equatorial Guinea Niefang 4,858
1%
Suriname Nieuw Nickerie 12,818
1%
Georgia Ninotsminda 4,525
1%
Mali Niono 34,113
1%
Venezuela Nirgua 42,200
1%
Ghana Nkawkaw 47,968
1%
Nigeria Nnewi 121,065
1%
Togo Notsé 35,039
1%
Czech Republic Nový Jičín 23,260
1%
Nicaragua Nueva Guinea 38,260
1%
Finland Nummela 14,472
1%
Lesotho Nyakosoba 10,893
1%
Andorra Nagol 70
0%
El Salvador Nahuizalco 33,589
0%
Maldives Naifaru 4,103
0%
Mongolia Nalajch 37,608
0%
Papua New Guinea Namatanai 1,542
0%
Jordan Naour 32,337
0%
Egypt Nasser 123,075
0%
Lithuania Naujoji Akmenė 7,158
0%
Malta Naxxar 15,244
0%
Ivory Coast N'Douci 27,112
0%
Iceland Neskaupstaður 1,462
0%
Mauritius New Grove 11,034
0%
Antigua and Barbuda New Winthropes 882
0%
Algeria N'Gaous 29,453
0%
Palau Ngermid 1,196
0%
Burundi Ngozi 39,884
0%
Senegal Nguékhokh 27,033
0%
Guinea-Bissau Nhacra 1,735
0%
Burkina Faso Niangoloko 33,500
0%
Nauru Nibok 484
0%
Saint Kitts and Nevis Nichola Town 2,059
0%
Luxembourg Niederanven 6,312
0%
Malaysia Nilai 31,468
0%
Republic of the Congo Nkayi 71,620
0%
Libya Nofaliya 25,997
0%
Samoa Nofoali'i 2,009
0%
Tajikistan Norak 31,400
0%
Armenia Nor Hachn 9,300
0%
Vanuatu Norsup 88
0%
Croatia Nova Gradiška 11,821
0%
Cape Verde Nova Sintra 1,127
0%
Gabon Ntoum 51,954
0%
Comoros Ntsoudjini 3,559
0%
Qatar Nuaija 29,703
0%
Bolivia Nueva Esperanza 2,068
0%
Uruguay Nueva Helvecia 10,630
0%
Panama Nuevo Arraiján 26,298
0%
Kuwait Nuzha 8,372
0%
No matching quizzes found
Score Distribution
Percent of People with Each Score
Percentile by Number Answered
Your Score History
You have not taken this quiz since the last reset